| 000 -NÁVESTIE |
| fixed length control field |
01349cam a2200361 a 4500 |
| 001 - EVIDENČNÉ ČÍSLO ZÁZNAMU - Kontrolné číslo |
| control field |
vtls010657058 |
| 005 - DÁTUM A ČAS POSLEDNEJ TRANSAKCIE |
| control field |
20200129125950.0 |
| 008 - ÚDAJE S PEVNOU DĹŽKOU – VŠEOBECNÉ INFORMÁCIE |
| fixed length control field |
160430s2015 xo a g 000 0 slo |
| 020 ## - MEDZINÁRODNÉ ŠTANDARDNÉ ČÍSLO KNIHY (ISBN) |
| Medzinárodné štandardné číslo knihy (ISBN) |
9788055142319 (viaz.) |
| 035 ## - Iný štandardný identifikátor |
| Iný štandardný identifikátor |
58177CE6-F605-4D5F-9A61-20DF85BEBF1E |
| 035 ## - Iný štandardný identifikátor |
| Iný štandardný identifikátor |
urn:nbn:sk:snk-amjqat |
| 035 ## - Iný štandardný identifikátor |
| Iný štandardný identifikátor |
urn:nbn:sk:snk-am003ebz |
| 040 ## - ZDROJ KATALOGIZÁCIE |
| Pôvodná katalogizujúca agentúra |
VTHK |
| Jazyk katalogizácie |
slo |
| Prepisujúca agentúra |
VTHK |
| Modifikujúca agentúra |
SNK |
| Konvencie popisu |
AACR2 |
| 041 0# - KÓD JAZYKA |
| Kód jazyka textu/zvukovej stopy alebo samostatných nápisov |
slo |
| 044 ## - KÓD KRAJINY VYDAVATEĽA/PRODUCENTA |
| Kód krajiny MARC |
xo |
| Kód krajiny ISO |
SK |
| 072 #7 - KÓD PREDMETOVEJ KATEGÓRIE |
| Kód predmetovej kategórie |
316.8 |
| Pododdiel kódu predmetovej kategórie |
Manželstvo a rodina. Sexuálne vzťahy |
| Zdroj |
konspekt |
| 072 #7 - KÓD PREDMETOVEJ KATEGÓRIE |
| Kód predmetovej kategórie |
17 |
| Pododdiel kódu predmetovej kategórie |
Etika. Morálna filozofia |
| Zdroj |
konspekt |
| 080 ## - ČÍSLO MEDZINÁRODNÉHO DESATINNÉHO TRIEDENIA (MDT) |
| Číslo Medzinárodného desatinného triedenia (MDT) |
173.1 |
| Identifikátor vydania |
2001 |
| 080 ## - ČÍSLO MEDZINÁRODNÉHO DESATINNÉHO TRIEDENIA (MDT) |
| Číslo Medzinárodného desatinného triedenia (MDT) |
(0.062) |
| Identifikátor vydania |
2001 |
| 080 ## - ČÍSLO MEDZINÁRODNÉHO DESATINNÉHO TRIEDENIA (MDT) |
| Číslo Medzinárodného desatinného triedenia (MDT) |
316.811.11-027.581 |
| Identifikátor vydania |
2001 |
| 100 1# - OSOBNÉ MENÁ – VŠEOBECNÉ INFORMÁCIE |
| Osobné meno |
Murín, Gustáv, |
| Dátumy súvisiace s menom |
1959- |
| -- |
1636 |
| 245 10 - NÁZOV |
| Názov |
Návod na manželstvo |
| Zvyšok názvu |
nevážne rady, príklady i úvahy pre všetkých, čo to myslia s manželstvom vážne |
| Údaj o zodpovednosti atď. |
Gustáv Murín ; [ilustroval Dušan Polakovič] |
| 250 ## - ÚDAJ O PORADÍ VYDANIA |
| Údaj o poradí vydania |
2. vyd. |
| 260 ## - VYDAVATEĽSKÉ ÚDAJE, DISTRIBÚCIA ATĎ. |
| Miesto publikovania, distribúcie atď. |
Bratislava |
| Názov vydavateľa, distibútora atď. |
Ikar |
| Dátum publikovania, distribúcie atď. |
2015 |
| 300 ## - FYZICKÝ POPIS |
| Rozsah |
191 s. |
| Ďalšie fyzické detaily |
ilustr. |
| Rozmery |
20 cm |
| 650 07 - PRIDANÝ VSTUP – PREDMET – TEMATICKÉ HESLO |
| Tematické heslo alebo geografický názov ako vstupný prvok |
manželstvo |
| Zdroj hesla alebo termínu |
SNKPH |
| -- |
1637 |
| 650 07 - PRIDANÝ VSTUP – PREDMET – TEMATICKÉ HESLO |
| Tematické heslo alebo geografický názov ako vstupný prvok |
Marriage |
| Zdroj hesla alebo termínu |
SNKPHeng |
| -- |
1638 |
| 655 #7 - INDEXAČNÝ TERMÍN – ŽÁNER/FORMA |
| Údaje o žánri/forme alebo termín, ktorý je prvok fazety |
populárno-náučné publikácie |
| Zdroj termínu |
SNKPH |
| -- |
1486 |
| 655 #7 - INDEXAČNÝ TERMÍN – ŽÁNER/FORMA |
| Údaje o žánri/forme alebo termín, ktorý je prvok fazety |
Popular works |
| Zdroj termínu |
SNKPHeng |
| -- |
1487 |
| 700 1# - PRIDANÝ VSTUP – OSOBNÉ MENO |
| Osobné meno |
Polakovič, Dušan, |
| Dátumy súvisiace s menom |
1950-2016 |
| Kód roly |
ill |
| -- |
1639 |
| 850 ## - Držiteľská inštitúcia |
| LOKÁCIA (UMIESTNENIE) |
KIS3G |